Mimočítankové čítanie pracovný zošit pre 3. ročník ZŠ

Bibliographic Details
Main Authors: Kovárová, Dana (Author), Kurtulíková, Alena (Author)
Other Authors: Gajová, Anna, 1964- (Illustrator)
Format: Book
Language:Slovak
PhysicalDescription:47 s. fareb. ilustr. 25 cm
Published: Bratislava Orbis Pictus Istropolitana 2011
ISBN:9788081200670
Edition:[1. vyd.]
Subjects:

MARC

LEADER 00000cam a2200000 a 4500
001 vtls010289460
003 SK-MaSNL
005 20260301031855.0
008 240314s2011 xo a b p 000 0 slo
015 |a SNBA2011/08-04508 
020 |a 9788081200670  |q (brož.) 
035 |a 80BEBDB5-1601-4F35-A1AE-592BFEC14272 
035 |a urn:nbn:sk:snk-amji85 
035 |a urn:nbn:sk:snk-am001yhc 
040 |a SNK  |b slo  |c SNK  |e AACR2 
041 0 |a slo 
044 |a xo  |c SK 
072 7 |a 373.2/.3  |x Predškolská a primárna výchova a vzdelávanie  |2 konspekt 
072 7 |a 37.016  |x Učebné osnovy. Vyučovacie predmety. Učebnice  |2 konspekt 
080 |a 37.016:028-028.31  |2 2001 
080 |a (075.2)  |2 2001 
080 |a (076.1)  |2 2001 
080 |a 82:37.016  |2 2001 
100 1 |a Kovárová, Dana  |4 aut  |9 69623 
245 1 0 |a Mimočítankové čítanie  |b pracovný zošit pre 3. ročník ZŠ  |c Dana Kovárová, Alena Kurtulíková ; [ilustrácie Anna Gajová] 
250 |a [1. vyd.] 
260 |a Bratislava  |b Orbis Pictus Istropolitana  |c 2011 
300 |a 47 s.  |b fareb. ilustr.  |c 25 cm 
504 |a Bibliogr. odkazy 
650 0 7 |a čítanie  |2 SNKPH  |9 1654 
650 0 7 |a Reading  |2 SNKPHeng  |9 276976 
650 0 7 |a Literary education  |2 SNKPHeng  |9 274096 
650 0 7 |a literárna výchova  |2 SNKPH  |9 1653 
655 7 |a učebnice základných škôl  |2 SNKPH  |9 70187 
655 7 |a pracovné zošity  |2 SNKPH  |9 70188 
655 7 |a Textbooks (elementary)  |2 SNKPHeng  |9 276977 
655 7 |a Activity books  |2 SNKPHeng  |9 302885 
700 1 |a Kurtulíková, Alena  |4 aut  |9 69624 
700 1 |a Gajová, Anna,  |d 1964-  |4 ill  |9 107295 
852 |a Štátna vedecká knižnica v Banskej Bystrici 
919 |a 978-80-8120-067-0 
958 |a NB 
968 |d 37 
999 |c 577464  |d 579394 
952 |a SNK  |b SNK  |y VYP  |7 0  |p 17A0707015  |o snkSC 145998 D1  |i snk2011/14852  |8 0  |0 0  |1 0  |4 0  |d 2011-06-29  |f 1  |l 0  |r 2026-02-23 14:38:19  |w 2026-02-23 
952 |a SNK  |b SNK  |y PREZ  |7 0  |p 17A0707016  |o snkSC 145998  |i snk2011/14851  |8 0  |0 0  |1 0  |4 0  |d 2011-06-29  |l 0  |r 2025-07-15 00:00:00  |w 2026-02-23